Largest Towns in Halland - Statistics

General Stats
  • This quiz has been taken 32 times
  • The average score is 10 of 20
Answer Stats
Population Town % Correct
71,422 Halmstad
100%
28,747 Falkenberg
96%
36,327 Varberg
96%
24,071 Kungsbacka
88%
6,922 Laholm
76%
6,479 Åsa
56%
12,415 Onsala
52%
4,072 Hyltebruk
48%
2,699 Frösakull
44%
2,349 Veddige
44%
2,045 Getinge
40%
3,026 Tvååker
40%
3,285 Frillesås
36%
2,123 Bua
32%
4,157 Oskarström
32%
1,821 Haverdal
28%
4,198 Mellbystrand
28%
2,703 Fjärås kyrkby
16%
3,933 Vallda
16%
1,781 Gullbrandstorp
12%
No matching quizzes found
Score Distribution
Percent of People with Each Score
Percentile by Number Answered
Your Score History
You have not taken this quiz